000
00293nam a2200109Ia 4500
008
220217s9999||||xx |||||||||||||| ||und||
100
_a
Jain, R.P
245
0
_a
Modern digital electronics
260
_a
Tata mcgraw hill
_b
New Delhi
_c
1997
300
_a
XV,500p.
_b
170
650
_a
ELECTRONICS
999
_c
165633
_d
165633